000 00376nam a22001457a 4500
005 20180307154957.0
008 170726b xxu||||| |||| 00| 0 eng d
022 _a05788072
040 _cPK-LaUMT
082 _aZIAC 297.05
_bISL-
245 _aIslamic studies(Vol 49 , No. 4-2)/
260 _aIslamabad:
_bIslamic Research Institute,
_c2010
300 _a574 p.
942 _cBK
999 _c95736
_d95736